00434nam a2200169Ia 4500003000400000005001700004008004100021020001500062050002400077100001800101245005600119260003500175300003300210440000600243521000700249526000800256OSt20140311163107.0140130s9999 xx 000 0 und d a0590414313 aQL 122.2b.C65 1992 aCole, Joanna  aMagic School Bus on the ocean Floor /cJoanna Cole. bScholastic,c1992.aNew York : a48 p. :bcol. ill. ;c20 cm. v1 aG2 c490